Statystyki dla Państwa z największą liczbą modeli na świecie

Kliknij tutaj aby rozwiązać quiz!

Ogólne statystyki

  • Ten quiz został rozwiązany 430 razy
  • Średni wynik to 8 z 10

Statystyki odpowiedzi

#Kraj najlepszych modeli% Poprawnych
1.Stany Zjednoczone
98%
10.Francja
92%
6.Kanada
86%
7.Niemcy
86%
8.Polska
85%
3.Rosja
84%
4.Wielka Brytania
78%
2.Brazylia
77%
9.Australia
56%
5.Holandia
33%

Rozkład punktacji

Percentyl według liczby udzielonych odpowiedzi

Procent ludzi z każdym wynikiem

Twoja historia wyników

Nie rozwiązałeś tego quizu